| 000 | 01034nam0a2200265 4500 | ||
|---|---|---|---|
| 001 | RU\NLR\BIBL_A\011471662 | ||
| 005 | 20250626073236.0 | ||
| 010 |
_a978-5-906244-90-1 _9300 |
||
| 021 |
_aRU _b2017-51166 _93671 |
||
| 035 | _a(NLR Aleph) 011471662 | ||
| 090 |
_a11857679 _c11857679 |
||
| 100 | _a20170914d2016 |||y0rusy50 ca | ||
| 101 | 0 | _aost | |
| 102 | _aRU | ||
| 105 | _aa z 000 y | ||
| 200 | 1 |
_aАпщєма _eстихи для детей дошк. и мл. шк. возраста (казым. диалект) _fВ. Н. Соловар |
|
| 210 |
_aХанты-Мансийск _cОбско-угор. ин-т приклад. исследований и разработок _d2016 |
||
| 215 |
_a26 с. _cцв. ил. _d21 |
||
| 541 | 1 |
_a[Малыши] _zrus |
|
| 686 | 1 | _aШ9(2)6=Хант-5 | |
| 700 | 1 |
_4070 _7ca _8rus _aСоловар _bВ. Н. _f1958- _gВалентина Николаевна _9204952 _3RU\NLR\AUTH\770205004 |
|
| 852 |
_aNLR _bОНЛ _jХант./3-221 |
||
| 942 | _cBOOK | ||
| 980 | _aNB | ||